Statistics for Angel of Small Death and the Codeine Scene by Hozier - Lyrics Quiz

Click here to take the quiz!

General Stats

  • This quiz has been taken 74 times
  • The average score is 155 of 206

Answer Stats

Answer% Correct
a
100%
and
100%
of
100%
the
100%
angel
98%
codeine
98%
death
98%
scene
98%
small
98%
she's
94%
her
92%
i
92%
with
92%
be
84%
hair
84%
me
84%
to
84%
so
82%
sweet
82%
arms
78%
love
78%
lean
76%
my
76%
mean
73%
tongue
73%
joyful
71%
no
71%
some
71%
watch
71%
between
69%
breath
69%
it
69%
sweetened
69%
abuse
67%
in
67%
somewhere
67%
straw-blonde
67%
toying
67%
from
65%
hard
65%
is
65%
more
65%
youths
65%
bold
63%
boyful
63%
fresh
63%
kin
63%
myself
63%
terrible
63%
their
63%
work
63%
could
61%
on
61%
alone
59%
calling
59%
it's
59%
or
59%
that
59%
wings
59%
devotion
57%
shaking
57%
them
57%
wretched
57%
human
55%
join
55%
were
55%
but
53%
feeling
53%
heart
53%
protest
53%
bloody
51%
fertile
51%
freshly
51%
like
51%
open
51%
at
49%
frozen
49%
hooked
49%
if
49%
i'm
49%
lay
49%
raw
49%
rest
49%
swear
49%
alive
47%
down
47%
feet
47%
mouth
47%
disowned
45%
flesh
45%
shortage
45%
all
43%
judgement
43%
better
41%
having
41%
heat
41%
survived
41%
confusion
39%
fields
39%
now
39%
sordid
39%
wonder
39%
concrete
37%
i'll
37%
jarring
37%
stray
37%
wander
37%
fetor
35%
lurched
35%
reason's
33%
deafeat
31%
leash-less
29%

Score Distribution

Percentile by Number Answered

Percent of People with Each Score

Your Score History

You have not taken this quiz